Movilidad laboral: desempleo a largo plazo

Gespeichert in:
Bibliographische Detailangaben
Format: Text
Tags: Tag hinzufügen
Keine Tags, Fügen Sie den ersten Tag hinzu!

MARC

LEADER 00000 a a2200000 04500
001 1423
003
040
245 |a Movilidad laboral:   |b desempleo a largo plazo  
773 |g número 77; páginas 8  
999 |c 23327  |d 23327